• 首页
  • 本馆介绍
  • 公告通知
  • 最新文献
  • 馆藏检索
  • 电子资源
  • 读者导购
  • 参考咨询
  • 我的图书馆
  • 登录
  • 详细信息显示
  • 放入我的书架
  • 预约/预借图书
  • 作者相关作品
  • 分类相关作品
  • 丛书相关作品
  • 出版社相关作品

书目信息

  • 表格格式
  • 工作单格式
  • 卡片格式
书名: Animal structure and function
作者: Cecie starr,Ralph Taggart.
分册号:
分册名:
出版地: United States :
 
出版社: Brooks Cole
出版时间: 2001.
页数: 561-810 p. ;
开本: 26cm.
丛书名:
中图分类号:
科图分类号:
其他分类号: Q11
主题词:
电子资源:
000 00459nam 2200169 a 4500
001 E0755125580
005 20070331153658.26
008 070331s2001 00010 eng
020    @a0-534-37946-X.
040    @aPFT@beng
090    @aQ11
099    @dQ11@ex15=9
240    @aBIOLOGY
245    @aAnimal structure and function.@nVI / @cCecie starr,Ralph Taggart.
260    @aUnited States :@bBrooks Cole,@c2001.
300    @a561-810 p. ;@c26cm.
700    @aStarr,cecie
    
    Animal structure and function.. VI / / Cecie starr,Ralph Taggart.-United States : : Brooks Cole, , 2001.
    561-810 p. ; ; 26cm.
    
    
    ISBN 0-534-37946-X.
    
●
相关链接 在E读中查询图书 在五车中查询图书 在当当中查询图书 在豆瓣中查询图书


正题名:Animal structure and function     索取号:Q11/x15=9         预约/预借

序号 登录号 条形码 馆藏地/架位号 状态 备注
1 3790   300037902   第二样本阅览室/ [索取号:Q11/x15=9] 在馆    
2 3791   300037911   第四借阅区/ [索取号:Q11/x15=9] 在馆    
3 3792   300037920   第四借阅区/ [索取号:Q11/x15=9] 在馆    
4 3793   300037939   第四借阅区/ [索取号:Q11/x15=9] 在馆    
唐山师范学院图书馆 欢迎您!
大连网信软件有限公司© 版权所有